Statistics for US States With The Most State Parks

Click here to take the quiz!

General Stats

  • This quiz has been taken 26 times
  • The average score is 12 of 15

Answer Stats

# of parksState% Correct
270California
96%
191Florida
96%
99Texas
96%
212Washington
96%
215New York
91%
195Oregon
91%
119Alaska
87%
83Maine
87%
104Michigan
83%
142Illinois
74%
121Pennsylvania
74%
154Massachusetts
70%
109Connecticut
61%
76Wisconsin
61%
93Missouri
52%

Score Distribution

Percentile by Number Answered

Percent of People with Each Score

Your Score History

You have not taken this quiz